La Dame aux Camélias d'Alexandre Dumas Fils / (Record no. 95340)

MARC details
000 -LEADER
campo de control de longitud fija 00516nam a2200181 i 4500
001 - NÚMERO DE CONTROL
campo de control 95340
003 - IDENTIFICADOR DE NÚMERO DE CONTROL
campo de control ES-MaACL
005 - FECHA Y HORA DE LA ÚLTIMA TRANSACCIÓN
campo de control 20250627172303.0
007 - CAMPO FIJO DE DESCRIPCIÓN FÍSICA--INFORMACIÓN GENERAL
campo de control de longitud fija t|
008 - DATOS DE LONGITUD FIJA--INFORMACIÓN GENERAL
campo de control de longitud fija 050526s1930 fr ||||1| fre d
100 1# - ENTRADA PRINCIPAL--NOMBRE DE PERSONA
Nombre de persona Lyonnet, Henry.
9 (RLIN) 74954
245 13 - MENCIÓN DEL TÍTULO
Título La Dame aux Camélias d'Alexandre Dumas Fils /
Mención de responsabilidad, etc. Henry Lyonnet.
260 ## - PUBLICACIÓN, DISTRIBUCIÓN, ETC.
Lugar de publicación, distribución, etc. Paris,
Fecha de publicación, distribución, etc. 1930 (
Fabricante F. Paillart)
300 ## - DESCRIPCIÓN FÍSICA
Extensión 147 p. ;
Dimensiones 19 cm.
700 1# - ENTRADA AGREGADA--NOMBRE PERSONAL
Nombre de persona Dumas, Alexandre,
Fechas asociadas al nombre 1824-1895
9 (RLIN) 241136
852 ## - LOCALIZACIÓN
Ubicación ES-MaACL
Número de control de estantería A-3057
Holdings
Estatus retirado Estado de pérdida Estado de daño No para préstamo Biblioteca de origen Biblioteca actual Ubicación en estantería Fecha de adquisición Fuente de adquisición Total de préstamos Signatura topográfica completa Código de barras Visto por última vez Precio de reemplazo Tipo de ítem Koha
        Biblioteca del Ateneo de Madrid Biblioteca del Ateneo de Madrid Sala Pecera Planta 1 17/01/2008     A-3057 1099555 23/02/2023 23/02/2023 Libro impreso